<?xml version="1.0" encoding="UTF-8"?>
<record
    xmlns:xsi="http://www.w3.org/2001/XMLSchema-instance"
    xsi:schemaLocation="http://www.loc.gov/MARC21/slim http://www.loc.gov/standards/marcxml/schema/MARC21slim.xsd"
    xmlns="http://www.loc.gov/MARC21/slim">

  <leader>01794nam a2200229Ia 4500</leader>
  <controlfield tag="003">Ost</controlfield>
  <controlfield tag="005">20260507075729.0</controlfield>
  <controlfield tag="008">260507s9999||||xx |||||||||||||| ||und||</controlfield>
  <datafield tag="020" ind1=" " ind2=" ">
    <subfield code="a">2684279953</subfield>
  </datafield>
  <datafield tag="040" ind1=" " ind2=" ">
    <subfield code="c">fsecg</subfield>
  </datafield>
  <datafield tag="041" ind1=" " ind2=" ">
    <subfield code="a">ara</subfield>
  </datafield>
  <datafield tag="082" ind1=" " ind2=" ">
    <subfield code="a">346.02</subfield>
  </datafield>
  <datafield tag="100" ind1=" " ind2=" ">
    <subfield code="a">&#x628;&#x64A;&#x646;&#x627;&#x628;&#x646;&#x62A;&#x60C; &#x622;&#x644;&#x627;&#x646;</subfield>
    <subfield code="e">&#x645;&#x624;&#x644;&#x641;</subfield>
  </datafield>
  <datafield tag="245" ind1=" " ind2="0">
    <subfield code="a">&#x627;&#x644;&#x642;&#x627;&#x646;&#x648;&#x646; &#x627;&#x644;&#x645;&#x62F;&#x646;&#x64A;&#x60C; &#x627;&#x644;&#x639;&#x642;&#x648;&#x62F; &#x627;&#x644;&#x62E;&#x627;&#x635;&#x629; &#x627;&#x644;&#x645;&#x62F;&#x646;&#x64A;&#x629; &#x648;&#x627;&#x644;&#x62A;&#x62C;&#x627;&#x631;&#x64A;&#x629; /</subfield>
    <subfield code="c"> &#x622;&#x644;&#x627;&#x646; &#x628;&#x64A;&#x646;&#x627;&#x628;&#x646;&#x62A;</subfield>
  </datafield>
  <datafield tag="260" ind1=" " ind2=" ">
    <subfield code="a">&#x644;&#x628;&#x646;&#x627;&#x646;: </subfield>
    <subfield code="b">&#x627;&#x644;&#x645;&#x624;&#x633;&#x633;&#x629; &#x627;&#x644;&#x62C;&#x627;&#x645;&#x639;&#x64A;&#x629; &#x644;&#x644;&#x62F;&#x631;&#x627;&#x633;&#x627;&#x62A;, </subfield>
    <subfield code="c">2004</subfield>
  </datafield>
  <datafield tag="300" ind1=" " ind2=" ">
    <subfield code="a">751  &#x635;&#x641;&#x62D;&#x629;&#x61B; </subfield>
  </datafield>
  <datafield tag="504" ind1=" " ind2=" ">
    <subfield code="a">&#x642;&#x627;&#x626;&#x645;&#x629; &#x627;&#x644;&#x645;&#x62E;&#x62A;&#x635;&#x631;&#x627;&#x62A;: &#x635;.  03</subfield>
  </datafield>
  <datafield tag="520" ind1=" " ind2=" ">
    <subfield code="a">&#x62F;&#x631;&#x627;&#x633;&#x629; &#x627;&#x644;&#x639;&#x642;&#x648;&#x62F; &#x627;&#x644;&#x62E;&#x627;&#x635;&#x629; &#x627;&#x644;&#x645;&#x62F;&#x646;&#x64A;&#x629; &#x648;&#x627;&#x644;&#x62A;&#x62C;&#x627;&#x631;&#x64A;&#x629;&#x60C; &#x648;&#x647;&#x64A; &#x627;&#x645;&#x62A;&#x62F;&#x627;&#x62F; &#x637;&#x628;&#x64A;&#x639;&#x64A; &#x644;&#x644;&#x646;&#x638;&#x631;&#x64A;&#x629; &#x627;&#x644;&#x639;&#x627;&#x645;&#x629; &#x644;&#x644;&#x645;&#x648;&#x62C;&#x628;&#x627;&#x62A;&#x60C; &#x62A;&#x642;&#x62F;&#x651;&#x645; &#x625;&#x639;&#x645;&#x627;&#x644;&#x647;&#x627; &#x641;&#x64A; &#x645;&#x62E;&#x62A;&#x644;&#x641; &#x627;&#x644;&#x642;&#x637;&#x627;&#x639;&#x627;&#x62A; &#x627;&#x644;&#x627;&#x642;&#x62A;&#x635;&#x627;&#x62F;&#x64A;&#x629;. &#x648;&#x647;&#x630;&#x627; &#x627;&#x644;&#x645;&#x624;&#x644;&#x651;&#x641;&#x60C; &#x648;&#x647;&#x648; &#x641;&#x64A; &#x645;&#x646;&#x62A;&#x635;&#x641; &#x627;&#x644;&#x637;&#x631;&#x64A;&#x642; &#x628;&#x64A;&#x646; &#x627;&#x644;&#x645;&#x637;&#x648;&#x651;&#x644; &#x648;&#x627;&#x644;&#x648;&#x633;&#x64A;&#x637;&#x60C; &#x64A;&#x637;&#x645;&#x62D; &#x627;&#x644;&#x649; &#x627;&#x644;&#x62A;&#x646;&#x633;&#x64A;&#x642; &#x628;&#x64A;&#x646; &#x62A;&#x642;&#x62F;&#x64A;&#x645; &#x62A;&#x627;&#x645; &#x62C;&#x62F;&#x627;&#x64B; &#x644;&#x644;&#x642;&#x627;&#x646;&#x648;&#x646; &#x627;&#x644;&#x648;&#x636;&#x639;&#x64A; &#x648;&#x627;&#x644;&#x642;&#x627;&#x646;&#x648;&#x646;&#x64A; &#x648;&#x627;&#x644;&#x625;&#x62C;&#x62A;&#x647;&#x627;&#x62F;&#x64A; &#x648;&#x627;&#x644;&#x625;&#x631;&#x62A;&#x628;&#x627;&#x637; &#x628;&#x627;&#x644;&#x62D;&#x644;&#x648;&#x644; &#x627;&#x644;&#x645;&#x644;&#x645;&#x648;&#x633;&#x629; &#x644;&#x644;&#x645;&#x646;&#x637;&#x648;&#x642; &#x627;&#x644;&#x646;&#x638;&#x631;&#x64A; &#x627;&#x644;&#x630;&#x64A; &#x64A;&#x639;&#x637;&#x64A;&#x647;&#x627; &#x645;&#x639;&#x646;&#x627;&#x647;&#x627; &#x648;&#x644;&#x645;&#x62F;&#x627;&#x647;&#x627; &#x648;&#x62D;&#x62F;&#x648;&#x62F;&#x647;&#x627; &#x648;&#x647;&#x630;&#x627; &#x627;&#x644;&#x643;&#x62A;&#x627;&#x628; &#x642;&#x633;&#x645; &#x627;&#x644;&#x649; &#x62B;&#x644;&#x627;&#x62B; &#x623;&#x62C;&#x632;&#x627;&#x621; &#x628;&#x62F;&#x623; &#x645;&#x646; &#x627;&#x644;&#x639;&#x642;&#x648;&#x62F; &#x627;&#x644;&#x646;&#x627;&#x642;&#x644;&#x629; &#x644;&#x644;&#x645;&#x644;&#x643;&#x64A;&#x629; 12 &#x627;&#x644;&#x649; 289 &#x62B;&#x645; &#x62A;&#x644;&#x627;&#x647; &#x627;&#x644;&#x62C;&#x632;&#x621; &#x627;&#x644;&#x62B;&#x627;&#x646;&#x64A; &#x627;&#x644;&#x639;&#x642;&#x648;&#x62F; &#x627;&#x644;&#x645;&#x62A;&#x639;&#x644;&#x642;&#x629; &#x628;&#x627;&#x633;&#x62A;&#x639;&#x645;&#x627;&#x644; &#x627;&#x644;&#x627;&#x645;&#x648;&#x627;&#x644; 300&#x625;&#x644;&#x649; 461 &#x62B;&#x645;  &#x627;&#x644;&#x62C;&#x632;&#x621; &#x627;&#x644;&#x62B;&#x627;&#x644;&#x62B; &#x639;&#x642;&#x648;&#x62F; &#x627;&#x644;&#x62E;&#x62F;&#x645;&#x627;&#x62A; 470&#x625;&#x644;&#x649; 811 &#x648;&#x627;&#x644;&#x62C;&#x632;&#x621; &#x627;&#x644;&#x631;&#x627;&#x628;&#x639; &#x643;&#x627;&#x646; &#x639;&#x644;&#x649; &#x63A;&#x642;&#x648;&#x62F; &#x627;&#x644;&#x627;&#x639;&#x62A;&#x645;&#x627;&#x62F; 820&#x625;&#x644;&#x649; 906 &#x648;&#x623;&#x62E;&#x64A;&#x631;&#x627; &#x627;&#x644;&#x62C;&#x632;&#x621; &#x627;&#x644;&#x62E;&#x627;&#x645;&#x633; &#x639;&#x642;&#x648;&#x62F; &#x627;&#x644;&#x63A;&#x631;&#x631; 920&#x625;&#x644;&#x649; 1023</subfield>
  </datafield>
  <datafield tag="653" ind1=" " ind2=" ">
    <subfield code="a">&#x627;&#x644;&#x639;&#x642;&#x648;&#x62F; &#x627;&#x644;&#x62E;&#x627;&#x635;&#x629;</subfield>
  </datafield>
  <datafield tag="653" ind1=" " ind2=" ">
    <subfield code="a">&#x642;&#x627;&#x646;&#x648;&#x646; &#x645;&#x62F;&#x646;&#x64A;</subfield>
  </datafield>
  <datafield tag="942" ind1=" " ind2=" ">
    <subfield code="c">&#x643;&#x62A;&#x627;&#x628;</subfield>
  </datafield>
  <datafield tag="952" ind1=" " ind2=" ">
    <subfield code="0">0</subfield>
    <subfield code="1">0</subfield>
    <subfield code="2">lcc</subfield>
    <subfield code="4">0</subfield>
    <subfield code="7">-1</subfield>
    <subfield code="a">fsecg</subfield>
    <subfield code="b">fsecg</subfield>
    <subfield code="d">2026-05-07</subfield>
    <subfield code="h">&#x627;&#x644;&#x637;&#x627;&#x628;&#x642; &#x627;&#x644;&#x623;&#x631;&#x636;&#x64A;</subfield>
    <subfield code="i">1159/1</subfield>
    <subfield code="l">0</subfield>
    <subfield code="o">&#x623;/1159&#x646;1</subfield>
    <subfield code="p">1159/1</subfield>
    <subfield code="r">2026-05-07 07:57:29</subfield>
    <subfield code="w">2026-05-07</subfield>
    <subfield code="y">&#x643;&#x62A;&#x627;&#x628;</subfield>
  </datafield>
  <datafield tag="952" ind1=" " ind2=" ">
    <subfield code="0">0</subfield>
    <subfield code="1">0</subfield>
    <subfield code="2">ddc</subfield>
    <subfield code="4">0</subfield>
    <subfield code="7">0</subfield>
    <subfield code="a">fsecg</subfield>
    <subfield code="b">fsecg</subfield>
    <subfield code="d">2026-05-07</subfield>
    <subfield code="h">&#x627;&#x644;&#x637;&#x627;&#x628;&#x642; &#x627;&#x644;&#x623;&#x631;&#x636;&#x64A;</subfield>
    <subfield code="i">1159/2</subfield>
    <subfield code="l">0</subfield>
    <subfield code="o">&#x623;/1159&#x646;2</subfield>
    <subfield code="p">1159/2</subfield>
    <subfield code="r">2026-05-07 07:57:29</subfield>
    <subfield code="w">2026-05-07</subfield>
    <subfield code="y">&#x643;&#x62A;&#x627;&#x628;</subfield>
  </datafield>
  <datafield tag="952" ind1=" " ind2=" ">
    <subfield code="0">0</subfield>
    <subfield code="1">0</subfield>
    <subfield code="2">ddc</subfield>
    <subfield code="4">0</subfield>
    <subfield code="7">0</subfield>
    <subfield code="a">fsecg</subfield>
    <subfield code="b">fsecg</subfield>
    <subfield code="d">2026-05-07</subfield>
    <subfield code="h">&#x627;&#x644;&#x637;&#x627;&#x628;&#x642; &#x627;&#x644;&#x62B;&#x627;&#x646;&#x64A;</subfield>
    <subfield code="i">1159/3</subfield>
    <subfield code="l">0</subfield>
    <subfield code="o">&#x623;/1159&#x646;2</subfield>
    <subfield code="p">1159/3</subfield>
    <subfield code="r">2026-05-07 07:57:29</subfield>
    <subfield code="w">2026-05-07</subfield>
    <subfield code="y">&#x643;&#x62A;&#x627;&#x628;</subfield>
  </datafield>
  <datafield tag="999" ind1=" " ind2=" ">
    <subfield code="c">46014</subfield>
    <subfield code="d">46014</subfield>
  </datafield>
</record>
